Estadísticas para 15 principales países afectados por Covid19 - 26 de enero de 2022

Haz click aquí para intentar la prueba.

Estadísticas generales

  • Esta prueba ha sido intentada 6 veces
  • La puntuación promedio es 18 de 27

Estadísticas de respuestas

país% Correcto
Alemania
100%
Argentina
100%
Brasil
100%
Colombia
100%
España
100%
Estados Unidos
100%
Italia
100%
Reino Unido
100%
Rusia
100%
Francia
83%
India
83%
Irán
83%
México
83%
Polonia
83%
Bélgica
67%
Países Bajos
67%
Turquía
67%
Irlanda
50%
Suiza
50%
Dinamarca
33%
Israel
33%
Portugal
33%
Chequia
17%
Eslovenia
17%
Estonia
17%
Lituania
17%
Georgia
0%

Distribución de puntuación

Porcentaje por número respondido

Porcentaje de gente con cada puntuación

Historial de tus puntuaciones

No has intentado esta prueba.